000 00380nam a2200169Ia 4500
008 090124s9999 xx 000 0 und d
082 _b46730
100 _aJAISWAL RASHMI
245 _aARABIAN NIGHTS
250 _a0
300 _a160
600 _aJAISWAL RASHMI
630 _aARABIAN NIGHTS
700 _aJAISWAL RASHMI
730 _aARABIAN NIGHTS
942 _cBOOK
999 _c112938
_d112938